00446nam a2200169Ia 450000500170000000800410001702000280005804000190008604100120010508200170011710000290013424500390016326000340020230000100023665000200024685000100026620230328102712.0131103s9999 xx 000 0 und d a81 7293 349 5cRs.35.00 aLoreto College aEnglish a891.443bMUK aMukhopadhayay, Sirshendu aSampatticSirshendu, Mukhopadhayay aCalcuttabMitra & Ghoshc1402 a88p.  aEnglish fiction aLCLIB